<?xml version="1.0" encoding="UTF-8"?>
<record
    xmlns:xsi="http://www.w3.org/2001/XMLSchema-instance"
    xsi:schemaLocation="http://www.loc.gov/MARC21/slim http://www.loc.gov/standards/marcxml/schema/MARC21slim.xsd"
    xmlns="http://www.loc.gov/MARC21/slim">

  <leader>02267nam a2200289 a 4500</leader>
  <controlfield tag="001">000047448</controlfield>
  <controlfield tag="003">DO-SdBNP</controlfield>
  <controlfield tag="005">20260217130814.0</controlfield>
  <controlfield tag="007">ta</controlfield>
  <controlfield tag="008">180530s2016    dr            000 0 spa d</controlfield>
  <datafield tag="040" ind1=" " ind2=" ">
    <subfield code="a">DO-SdBNP</subfield>
    <subfield code="b">spa</subfield>
    <subfield code="c">BNPHU</subfield>
    <subfield code="e">rda</subfield>
  </datafield>
  <datafield tag="041" ind1=" " ind2=" ">
    <subfield code="a">spa</subfield>
  </datafield>
  <datafield tag="082" ind1=" " ind2="1">
    <subfield code="a">352.4097293</subfield>
    <subfield code="b">I43c 2015</subfield>
    <subfield code="2">22</subfield>
  </datafield>
  <datafield tag="110" ind1="1" ind2=" ">
    <subfield code="a">Rep&#xFA;blica Dominicana.</subfield>
    <subfield code="b">C&#xE1;mara de Cuentas</subfield>
    <subfield code="9">12254</subfield>
  </datafield>
  <datafield tag="245" ind1="1" ind2="0">
    <subfield code="a">Informe al Congreso Nacional :</subfield>
    <subfield code="b">an&#xE1;lisis y evaluaci&#xF3;n de la ejecuci&#xF3;n presupuestaria y la rendici&#xF3;n de cuentas generales del Estado, a&#xF1;o fiscal 2015.</subfield>
  </datafield>
  <datafield tag="264" ind1=" " ind2="1">
    <subfield code="a">Santo Domingo :</subfield>
    <subfield code="b">C&#xE1;mara de Cuentas de la Rep&#xFA;blica,</subfield>
    <subfield code="c">2016.</subfield>
  </datafield>
  <datafield tag="300" ind1=" " ind2=" ">
    <subfield code="a">819 p&#xE1;ginas ;</subfield>
    <subfield code="c">32 cm.</subfield>
  </datafield>
  <datafield tag="336" ind1=" " ind2=" ">
    <subfield code="a">texto</subfield>
    <subfield code="b">txt</subfield>
    <subfield code="2">rdacontent</subfield>
  </datafield>
  <datafield tag="337" ind1=" " ind2=" ">
    <subfield code="a">sin mediaci&#xF3;n</subfield>
    <subfield code="b">n</subfield>
    <subfield code="2">rdamedia</subfield>
  </datafield>
  <datafield tag="338" ind1=" " ind2=" ">
    <subfield code="a">volumen</subfield>
    <subfield code="b">nc</subfield>
    <subfield code="2">rdacarrier</subfield>
  </datafield>
  <datafield tag="505" ind1="0" ind2=" ">
    <subfield code="a">Marco de la ley de presupuesto general del Estado del a&#xF1;o 2015 --</subfield>
    <subfield code="t">An&#xE1;lisis de la ejecuci&#xF3;n presupuestaria del Estado del a&#xF1;o 20015 --</subfield>
    <subfield code="t">An&#xE1;lisis de la deuda del sector p&#xFA;blico no financiero --</subfield>
    <subfield code="t">An&#xE1;lisis del movimiento y disponibilidad --</subfield>
    <subfield code="t">An&#xE1;lisis de ejecuci&#xF3;n presupuestaria de las instituciones descentralizadas y aut&#xF3;noma no financieras. Las instituciones p&#xFA;blicas de la seguridad social y empresas p&#xFA;blicas no financieras --</subfield>
    <subfield code="t">An&#xE1;lisis de la ejecuci&#xF3;n presupuestaria del sector p&#xFA;blico financiero --</subfield>
    <subfield code="t">An&#xE1;lisis prusupuestario de las entidades municipales --</subfield>
    <subfield code="t">Informe de los autitores de la C&#xE1;mara de Cuentas de la Rep&#xFA;blica Dominicana sobre el estado de recaudaci&#xF3;n e inversi&#xF3;n de las rentas (ERIR), basado en estado de ejecuci&#xF3;n presupuestaria (cuenta de ahorro-inversi&#xF3;n y financiamiento (CAIF) del gobierno central , a&#xF1;o 2015 --</subfield>
    <subfield code="t">Dictamen de los auditores de la C&#xE1;mara de Cuentas de la Rep&#xFA;blica -- Informaciones finanancieras de la entidad --</subfield>
    <subfield code="t">Observaciones , conclusiones y recomendaciones --</subfield>
    <subfield code="t">Informe sobre la auditor&#xED;as pr&#xE1;cticadas por la C&#xE1;mara de Cuentas a las instituciones p&#xFA;blicas durante el per&#xED;odo 2015 --</subfield>
    <subfield code="t">Rendici&#xF3;n de cuentas y ejecuci&#xF3;n presupuestaria de la C&#xE1;mara de Cuentas.</subfield>
  </datafield>
  <datafield tag="590" ind1=" " ind2=" ">
    <subfield code="a">Inventariado, 2018/VM</subfield>
  </datafield>
  <datafield tag="650" ind1=" " ind2="4">
    <subfield code="a">Gastos p&#xFA;blicos</subfield>
    <subfield code="z">Rep&#xFA;blica Dominicana</subfield>
    <subfield code="9">6405</subfield>
  </datafield>
  <datafield tag="650" ind1=" " ind2="4">
    <subfield code="a">Hacienda p&#xFA;blica</subfield>
    <subfield code="z">Rep&#xFA;blica Dominicana</subfield>
    <subfield code="9">6562</subfield>
  </datafield>
  <datafield tag="650" ind1=" " ind2="4">
    <subfield code="a">Presupuesto</subfield>
    <subfield code="z">Rep&#xFA;blica Dominicana</subfield>
    <subfield code="9">7940</subfield>
  </datafield>
  <datafield tag="942" ind1=" " ind2=" ">
    <subfield code="2">ddc</subfield>
    <subfield code="c">LBS1</subfield>
  </datafield>
  <datafield tag="952" ind1=" " ind2=" ">
    <subfield code="0">0</subfield>
    <subfield code="1">0</subfield>
    <subfield code="7">1</subfield>
    <subfield code="8">DS</subfield>
    <subfield code="a">GR</subfield>
    <subfield code="b">GR</subfield>
    <subfield code="c">HD</subfield>
    <subfield code="d">2018-05-30</subfield>
    <subfield code="i">LF1</subfield>
    <subfield code="l">0</subfield>
    <subfield code="o">352.4097293 I43c, 2015</subfield>
    <subfield code="p">47448-30</subfield>
    <subfield code="r">2020-06-25</subfield>
    <subfield code="t">e. 3</subfield>
    <subfield code="w">2020-06-25</subfield>
    <subfield code="y">LFDS</subfield>
    <subfield code="Z">No se presta</subfield>
  </datafield>
  <datafield tag="952" ind1=" " ind2=" ">
    <subfield code="0">0</subfield>
    <subfield code="1">0</subfield>
    <subfield code="7">1</subfield>
    <subfield code="8">PD</subfield>
    <subfield code="a">PD</subfield>
    <subfield code="b">PD</subfield>
    <subfield code="c">HD</subfield>
    <subfield code="d">2018-05-29</subfield>
    <subfield code="i">LF1</subfield>
    <subfield code="l">0</subfield>
    <subfield code="o">352.4097293 I43c, 2015</subfield>
    <subfield code="p">47448-10</subfield>
    <subfield code="r">2020-06-25</subfield>
    <subfield code="t">e. 2</subfield>
    <subfield code="w">2020-06-25</subfield>
    <subfield code="y">LFPD</subfield>
    <subfield code="Z">No se presta</subfield>
  </datafield>
  <datafield tag="952" ind1=" " ind2=" ">
    <subfield code="0">0</subfield>
    <subfield code="1">0</subfield>
    <subfield code="7">1</subfield>
    <subfield code="8">PD</subfield>
    <subfield code="a">PD</subfield>
    <subfield code="b">PD</subfield>
    <subfield code="c">HD</subfield>
    <subfield code="d">2018-05-29</subfield>
    <subfield code="i">LF1</subfield>
    <subfield code="l">0</subfield>
    <subfield code="o">352.4097293 I43c, 2015</subfield>
    <subfield code="p">47448-20</subfield>
    <subfield code="r">2020-06-25</subfield>
    <subfield code="w">2020-06-25</subfield>
    <subfield code="y">LFPD</subfield>
    <subfield code="Z">No se presta</subfield>
  </datafield>
  <datafield tag="999" ind1=" " ind2=" ">
    <subfield code="c">46936</subfield>
    <subfield code="d">46936</subfield>
  </datafield>
</record>
